Antimicrobial resistance of bacteria in boar semen at prek russey sangkeat krung takhmao kandal province, ករណីបាក់តេរីក្នុងទឹកកាមជ្រូក ស៊ាំនឹងឳសថអង់ទីប៊ីយ៉ូទិក នៅសង្កាត់ព្រែកឬស្សី ក្រុងតាខ្មៅ ខេត្តកណ្ដាល (Record no. 25689)
[ view plain ]
| 000 -LEADER | |
|---|---|
| fixed length control field | 00674nam a22001217a 4500 |
| 040 ## - CATALOGING SOURCE | |
| Transcribing agency | RUA |
| 082 ## - DEWEY DECIMAL CLASSIFICATION NUMBER | |
| Classification number | DVM BOE 2025 B707 Or.1 |
| 100 ## - MAIN ENTRY--AUTHOR NAME | |
| Personal name | BOEUN SINUT, បឿន ស៊ីនុត |
| 245 ## - TITLE STATEMENT | |
| Title | Antimicrobial resistance of bacteria in boar semen at prek russey sangkeat krung takhmao kandal province, ករណីបាក់តេរីក្នុងទឹកកាមជ្រូក ស៊ាំនឹងឳសថអង់ទីប៊ីយ៉ូទិក នៅសង្កាត់ព្រែកឬស្សី ក្រុងតាខ្មៅ ខេត្តកណ្ដាល |
| 260 ## - PUBLICATION, DISTRIBUTION, ETC. (IMPRINT) | |
| Place of publication | PHNOM PENH |
| Name of publisher | RUA |
| Year of publication | 2025 |
| 300 ## - PHYSICAL DESCRIPTION | |
| Number of Pages | xii,49p. |
| Other physical details | ill. |
| Dimensions | 29cm. |
| 942 ## - ADDED ENTRY ELEMENTS (KOHA) | |
| Koha item type | MGR |
| 952 ## - LOCATION AND ITEM INFORMATION (KOHA) | |
| Withdrawn status [LOCAL, KOHA] | 0 |
| 952 ## - LOCATION AND ITEM INFORMATION (KOHA) | |
| Withdrawn status [LOCAL, KOHA] | 0 |
| Permanent Location | Date acquired | Koha item type | Lost status | Shelving location | Barcode | Current Location | Full call number |
|---|---|---|---|---|---|---|---|
| Library Block B | 2026-04-09 | MGR | B707 | B7121035 | Library Block B | DVM BOE 2025 B707 Or.1 | |
| Library Block B | 2026-04-09 | MGR | B707 | B712086 | Library Block B | DVM BOE 2025 B707 Or.2 |